export_success — 

The Global Competitiveness Report 2019 : World Economic Forum

Bibliographic Details
Corporate Author: World Economic Forum
Format: Book
Published: Geneva: World Economic Forum, 2019.
Subjects:
LEADER 00969cam a2200301 7i4500
001 0000036279
005 20200210090000.0
007 ##ta
008 200206s2019 my
020 # # |a 9782940631025  
040 # # |a MATR 
090 0 0 |a I 338.60480727   |b GLO 
245 0 4 |a The Global Competitiveness Report 2019 :   |b World Economic Forum   |c Klaus Schwab. 
264 # 1 |a Geneva:   |b World Economic Forum,   |c 2019. 
264 # 4 |a ♭2019. 
300 # # |a xiii, 648 pages:   |b illustrations;   |c 30 cm. 
336 # # |a text  |2 rdacontent 
337 # # |a unmediated  |2 rdamedia 
338 # # |a volume  |2 rdacarrier 
504 # # |a Includes bibliographical references and index 
650 2 0 |a Competition, International  
650 2 0 |a International trade  
650 2 0 |a Economic development  
650 1 0 |a Competition, International  
650 2 0 |a International trade  
650 2 0 |a Economic development  
710 1 # |a World Economic Forum  
999 |a 0000040981  |b Book  |c International  |e Business Information Centre